France - Communes du littoral lauréates du Pavillon bleu en 2024 - Statistiques

Statistiques générales
  • Ce quiz a été pris 15 fois
    3 depuis la dernière actualisation
  • Le résultat moyen est 31 sur 118
Statistiques - réponses
Département Indice Commune % Correct
06 A Antibes
100%
06 C Cannes
100%
11 G Gruissan
100%
13 LC La Ciotat
100%
76 LH Le Havre
100%
11 L Leucate
100%
11 N-P Narbonne-plage
100%
06 N Nice
100%
34 A Agde
50%
20 A Ajaccio
50%
64 A Anglet
50%
66 ASM Argelès-sur-Mer
50%
29 B Benodet
50%
62 BSM Berck-sur-Mer
50%
13 BLE Berre l'Etang
50%
64 B Biarritz
50%
64 B Bidart
50%
33 B Bordeaux
50%
56 C Carnac
50%
13 C Cassis
50%
66 C Cerbère
50%
76 D Dieppe
50%
56 E Erdeven
50%
76 F Fécamp
50%
13 FSM Fos-sur-mer
50%
29 F Fouesnant
50%
50 G Granville
50%
64 H Hendaye
50%
14 H Honfleur
50%
83 H Hyères
50%
44 LBE La Baule-Escoublac
50%
34 LGM La Grande Motte
50%
17 LR La Rochelle
50%
30 LGDR Le Grau du Roi
50%
83 LL Le Lavandou
50%
33 LVSM Le Verdon-sur-Mer
50%
13 M Marignane
50%
34 M Marseillan
50%
34 PLF Palavas-les-Flots
50%
44 P Pornic
50%
44 P Pornichet
50%
11 PLN Port-la-Nouvelle
50%
66 P-V Port-Vendres
50%
83 RSA Roquebrune-sur-Argens
50%
17 R Royan
50%
66 S-C Saint-Cyprien
50%
83 S-M Sainte-Maxime
50%
44 SN Saint-Nazaire
50%
29 SPDL Saint-Pol-de-Léon
50%
40 S Seignosse
50%
34 S Sète
50%
33 SSM Soulac-sur-Mer
50%
83 T Toulon
50%
34 V-P Valras-Plage
50%
29 A Audierne
0%
83 B Bandol
0%
66 BSM Banyuls-sur-Mer
0%
50 B-C Barneville-Carteret
0%
50 B Bréhal
0%
66 CER Canet-en-Roussilon
0%
50 C Carolles
0%
80 CSM Cayeux-sur-Mer
0%
34 CLH Clermont-l'Hérault
0%
29 CC Clohars-Carnoët
0%
14 C-M Colleville-Montgomery
0%
50 DLB Donville-les-Bains
0%
11 FDA Fleury d'Aude
0%
34 FLP Frontignan-la-Peyrade
0%
59 G Gravelines
0%
33 GELH Grayan-et-l'hôpital
0%
20 GP Grosseto-Prugna
0%
56 G Guidel
0%
33 H Hourtin
0%
85 JSM Jard-sur-Mer
0%
50 J Jullouville
0%
44 LBER La Berberie-en-Retz
0%
83 LCV La Croix-Valmer
0%
85 LALP L'Aiguillon-la-Presqu'île
0%
83 LLLM La Londe-les Maures
0%
34 LSSA La Salvetat-sur-Agoût
0%
83 LSSM La-Seyne-sur-Mer
0%
85 LTSM La Tranche-sur-Mer
0%
44 LT La Turballe
0%
17 LBPER Le Bois plage en Ré
0%
29 LC Le Conquet
0%
17 LGVP Le Grand village plage
0%
44 LP Le Pouliguen
0%
83 LP Le Pradet
0%
34 M-C Mauguio-Carnon
0%
85 NDDM Notre-Dame-de-Monts
0%
20 P Pietrosella
0%
44 P Plessé
0%
29 P Plouarzel
0%
29 | 56 P Plouhinec
0%
14 PLE Pont-l'évêque
0%
66 P-B Port-Barcarès
0%
13 PDB Port-de-Bouc
0%
34 P Portiragnes
0%
29 P Pouldreuzic
0%
44 P Préfailles
0%
29 R Roscoff
0%
44 SBLP Saint-Brevin-les-Pins
0%
35 SBSM Saint-Briac-sur-Mer
0%
13 SC Saint-Chamas
0%
66 SMLM Sainte-Marie-la-Mer
0%
83 SMSM Saint-Mandrier-sur-Mer
0%
44 SMCC Saint-Michel-Chef-Chef
0%
50 SPSM Saint-Pair-sur-Mer
0%
44 SPDGL Saint-Philbert-de-Grand-Lieu
0%
83 S-R Saint-Raphaël
0%
13 SLP Sausset-les-Pins
0%
20 SDF Serra di Ferro
0%
50 S-H Siouville-Hague
0%
85 TSH Talmont-Saint-Hilaire
0%
66 T Torreilles
0%
34 V Vias
0%
34 VLM Villeneuve-lès-Maguelonne
0%
Aucun quiz correspondant
Distribution des résultats
% des personnes avec chaque résultat
Percentile par nombre de réponses
Votre historique - résultats
Vous n’avez pas pris ce quiz depuis la dernière actualisation